00801nab a2200217 uc450000100070000000500170000700800410002403500110006503500210007604000130009704100080011010000310011824501340014965000490028365000190033265000100035165000380036170000300039970000330042977301210046218331920240201130001.0980522e19960501 spa  a183319 a(OCoLC)819762638 ccomduadb aspa10aJaimes, Santiago4auteaut10aTransferencia y adaptacion de un sistema de informacion geografica a asociaciones de usuarios de distritos de riesgo transferidos aSistemas de Información Geográfica (SIG) aBases de datos aRiego aGeografía agrícola - Colombia10aVelasco, Israel4auteaut10aRobles, Braulio D.4auteaut0 tIngeniería Hidráulica en México (Morelos)gVol. 11, No. 02, May.-Ago. 1996, p. 33-47w110405x0186-4076091028